000 00946nam a2200253 i 4500
001 bg
100 1 _aRAJCZYK, Jarosław
245 1 0 _aWytyczne do przygotowania prac dyplomowych magisterskich i inżynierskich na Wydziale Budownictwa Politechniki Częstochowskiej /
_cJarosław Rajczyk, Marlena Rajczyk, Zbigniew Respondek ; Wydział Budownictwa PC. SAmodzielny Zakład Technologii i Organizacji Procesów Budowlanych.
260 _aCzęstochowa :
_bWydawnictwa PC,
_c2004.
300 _a71 s. :
_brys., wykr. ;
_c24 cm.
504 _aBibliogr.
650 9 _aPrace dyplomowe
655 _aPodręczniki akademickie
700 1 _aRAJCZYK, Marlena
700 1 _aRESPONDEK, Zbigniew
710 0 _aPolitechnika Częstochowska
_bWydział Budownictwa
020 _a8371932464
040 _cBPK
041 0 _apol
080 _a378.22:624+69](075.8)
920 _a83-7193-246-4
942 _cKS
008 s pl f |000 0 pol
999 _c45688
_d45688
856 _uhttp://koha.tu.koszalin.pl/cgi-bin/koha/opac-detail.pl?biblionumber=45688
_yKatalog online BPK